|
|
|
|
| LEADER |
00000nam0a2200000 4500 |
| 001 |
310545 |
| 005 |
20231102002310.0 |
| 035 |
|
|
|a (RuTPU)RU\TPU\book\335895
|
| 090 |
|
|
|a 310545
|
| 100 |
|
|
|a 20151126d1908 m y0rusy50 ca
|
| 101 |
0 |
|
|a rus
|
| 102 |
|
|
|a RU
|
| 105 |
|
|
|a a z 000zy
|
| 200 |
1 |
|
|a Гидравлический эжектор системы инженера К. Д. Грибоедова
|e (привилегия заявлена)
|f К. Д. Грибоедов
|
| 210 |
|
|
|a Санкт-Петербург
|c Типография "Т-ва Художественной Печати"
|d 1908
|
| 215 |
|
|
|a 12, [2] с.
|c черт.
|
| 300 |
|
|
|a Текст в русской дореформенной орфографии
|
| 317 |
|
|
|5 63413507: 26//266
|a Поступил в НТБ в 1914 г. в дар от первого директора ТТИ профессора Е. Л. Зубашева
|
| 606 |
1 |
|
|a Гидравлические механизмы
|2 stltpush
|3 (RuTPU)RU\TPU\subj\6492
|9 34368
|
| 610 |
1 |
|
|a Коллекция Е. Л. Зубашева
|
| 610 |
1 |
|
|a дары библиотеке
|
| 610 |
1 |
|
|a прейскуранты
|
| 610 |
1 |
|
|a приборы
|
| 610 |
1 |
|
|a устройства
|
| 610 |
1 |
|
|a действие
|
| 610 |
1 |
|
|a сборка
|
| 610 |
1 |
|
|a установка
|
| 610 |
1 |
|
|a уход
|
| 610 |
1 |
|
|a неисправности
|
| 675 |
|
|
|a 532.5
|v 4
|
| 700 |
|
1 |
|a Грибоедов
|b К. Д.
|
| 801 |
|
1 |
|a RU
|b 63413507
|c 20151126
|
| 801 |
|
2 |
|a RU
|b 63413507
|c 20210702
|g RCR
|
| 942 |
|
|
|c BK
|